Najlepsze kluby, które upadły - Statystyki

Ogólne statystyki
  • Ten quiz został rozwiązany 31 razy
  • Średni wynik to 5 z 19
Statystyki odpowiedzi
Podpowiedź Klub (dwa słowa) % Poprawnych
14 sezonów w najwyższej lidze 1961, 1965-1967, 1978, 1980, 1981, 1990-1994, 2014, 2015. Puchar Polski w 2014. Obecnie III liga Zawisza Bydgoszcz
82%
11 sezonów w najwyzszej lidze 1996-2006, trzykrotny zwycięzcą pucharu Polski 1998,1999,2000. Fuzja z Lechem Poznań w 2006 Amica Wronki
79%
24 sezony w najwyższej lidze 1964-1972, 1974-1984, 1988, 1989, 1993.Mistrz Polski z 1980. Obecnie III liga Szombierki Bytom
46%
10 sezonów w najwyższej lidze 1998, 2000-2008 (wicemistrz 2003 i 2005), zdobywca pucharu Polski 2007. Przekazanie licencji Polonii Warszawie. Obecnie V liga. (Trzy słowa) Dyskobolia Grodzisk Wielkopolski
43%
3 sezony w najwyższej lidze 1998, 2002, 2003. Reaktywowany, obecnie III liga. (Trzy słowa) KSZO Ostrowiec Świętokrzyski
39%
14 sezonów w najwyższej lidze 1997-2010. Trzecie miejsce w 1997. Bankructwo w 2025. (Trzy słowa) Odra Wodzisław Śląski
36%
3 sezony w najwyższej lidze 1999, 2000, 2001. Obecnie IV liga Ruch Radzionków
29%
8 sezonów w najwyższej lidze 1995-2002. Obecnie IV liga Stomil Olsztyn
29%
23 sezony w najwyższej lidze.1954-1960, 1963-1966, 1968, 1970-1975, 1979, 1982, 1983. Wicemistrz w 1957 Rozwiązany w 2018. Gwardia Warszawa
25%
8 sezonów w najwyższej lidze 1987-1993 i 1995. Następnie fuzja z Lechią Gdańsk Olimpia Poznań
25%
6 sezonów w najwyższej lidze 1984-1989. Obecnie IV liga Górnik Wałbrzych
18%
6 sezonów w najwyższej lidze 1981-1986, 1988. Obecnie klasa okręgowa Bałtyk Gdynia
14%
1 sezon w najwyższej lidze 2002. Dwukrotny półfinalista pucharu Polski 2000, 2003. RKS Radomsko
14%
7 sezonów w najwyższej lidze 1969, 1971, 1973-1977. Finalista pucharu Polski 1975. Obecnie IV liga. ROW Rybnik
14%
1 sezon w najwyższej lidze 2004. Obecnie III liga. (Cztery słowa) Świt Nowy Dwór Mazowiecki
14%
1 sezon w najwyższej lidze 2003. Obecnie V liga. Szczakowianka Jaworzno
14%
3 sezony w najwyższej lidze 1993, 1994, 1996. Obecnie III liga Siarka Tarnobrzeg
11%
2 sezony w najwyższej lidze 1991, 1992. Obecnie IV liga Igloopol Dębica
7%
2 sezony w najwyższej lidze 1994, 1995. Rozwiązany w 2025 (po zmianie nazwy) jako Sokół Pniewy. (Trzy słowa) Tygodnik Miliarder Pniewy
4%
Nie znaleziono quizów pasujących do podanych kryteriów
Rozkład punktacji
Procent ludzi z każdym wynikiem
Percentyl według liczby udzielonych odpowiedzi
Twoja historia wyników
Nie rozwiązałeś tego quizu